000
00255nam a2200085Ia 4500
008
220120s9999||||xx |||||||||||||| ||und||
100
_a
Ganapathy, B.A
_9
12219
245
0
_a
GSM based smart petrol bunk
260
_a
Coorg Institute of Technology
_b
Ponnampet
_c
2009
999
_c
137805
_d
137805